000 00456nam a2200157Ia 4500
008 240729s9999 xx 000 0 und d
022 _a2159-8126
245 0 _aEthnobiology Letters
260 _aUnited States
260 _bSociety of Ethnobiology
650 _a Human ecology. Anthropogeography
650 _aGeography. Anthropology. Recreation
856 _uhttps://doaj.org/toc/74c78f9038974fbb99d2b89763af26d9
942 _2ddc
942 _cDOAJEJ
999 _c67231
_d67231
945 _a1
_bMadushi Gamage
_c1
_dMadushi Gamage